000 00610nam a2200181Ia 4500
008 090124s9999 xx 000 0 und d
082 _b30601
_a484
100 _aबिनीवाले अविनाश
245 _a भाषा आपली सर्वांचीच
250 _a1
260 _c2000
300 _a150
600 _aबिनीवाले अविनाश
630 _a भाषा आपली सर्वांचीच
700 _aबिनीवाले अविनाश
730 _a भाषा आपली सर्वांचीच
942 _cBOOK
999 _c144082
_d144082